00421nam a2200121Ia 4500008004100000100001700041245006400058245003500122260000900157856004100166999001900207952007300226160531s9999 xx 000 0 und d aGoetschy, A. aEuclidean Random Matrices and Their Applications in Physics cby A. Goetschy, S.E. Skipetrov c2013 uhttp://arxiv.org/pdf/1303.2880v1.pdf c295221d295221 001040aCLbCLd2016-05-31l0r2016-05-31 00:00:00w2016-05-31yCBE